[Event "FIDE World Uni Team Blitz"]
[Site "chess24.com INT"]
[Date "2021.03.27"]
[Round "2"]
[White "Badelka, Olga"]
[Black "Azaryan, Tigran"]
[Result "1/2-1/2"]
[WhiteElo "2428"]
[BlackElo "2115"]
[PlyCount "119"]
[EventDate "2021.03.27"]
[EventType "team-k.o. (blitz)"]
[EventRounds "9"]
[EventCountry "NET"]
[SourceTitle "CBM 201 Extra"]
[Source "ChessBase"]
[SourceDate "2021.05.31"]
[SourceVersion "1"]
[SourceVersionDate "2021.05.31"]
[SourceQuality "1"]
[WhiteTeam "Missouri Univ"]
[BlackTeam "Armenian Inst of Physical Culture"]
[WhiteTeamCountry "USA"]
[BlackTeamCountry "ARM"]

1. c4 c5 2. Nf3 Nc6 3. Nc3 g6 4. g3 Bg7 5. Bg2 e5 6. 0-0 d6 7. d3 Nge7 8. Ne1 Be6 9. Nd5 0-0 10. Nc2 Bxd5 11. cxd5 Nd4 12. e3 Nxc2 13. Qxc2 f5 14. f4 Rc8 15. Bd2 b5 16. Rac1 Qb6 17. Kh1 c4 18. Rfd1 cxd3 19. Qxd3 e4 20. Qb3 a5 21. Bf1 b4 22. a3 Rb8 23. axb4 axb4 24. Rc4 Kh8 25. Rxb4 Qa7 26. Bb5 Qc5 27. Bc6 Nxc6 28. dxc6 Rxb4 29. Bxb4 Qxc6 30. Bxd6 Rd8 31. Qe6 Qc2 32. Rg1 Qe2 33. Qe7 Rc8 34. Bc7 Qf3+ 35. Rg2 Qxe3 36. h4 Qf3 37. Kh2 e3 38. Be5 Rg8 39. Bxg7+ Rxg7 40. Qf8+ Rg8 41. Qf6+ Rg7 42. Qf8+ Rg8 43. Qf6+ Rg7 44. Rc2 h6 45. Qd8+ Kh7 46. Qd3 Re7 47. Re2 h5 48. b4 Kh6 49. b5 Rd7 50. Qxe3 Qxe3 51. Rxe3 Rd2+ 52. Kg1 Rb2 53. Re5 Kh7 54. Rc5 Kh6 55. Kf1 Rb3 56. Kf2 Rb2+ 57. Ke3 Rb3+ 58. Kf2 Rb2+ 59. Ke3 Rb3+ 60. Kf2 1/2-1/2

[Event "FIDE World Uni Blitz-A 1st"]
[Site "Tornelo INT"]
[Date "2021.03.13"]
[Round "8.11"]
[White "Ynojosa Aponte, Felix Jose"]
[Black "Azaryan, Tigran"]
[Result "0-1"]
[WhiteElo "2393"]
[BlackElo "2115"]
[PlyCount "76"]
[EventDate "2021.03.13"]
[EventType "swiss (blitz)"]
[EventRounds "10"]
[EventCountry "NET"]
[SourceTitle "EXT 2022"]
[Source "ChessBase"]
[SourceDate "2021.10.06"]
[SourceVersion "1"]
[SourceVersionDate "2021.10.06"]
[SourceQuality "1"]

1. e4 c5 2. c3 Nf6 3. e5 Nd5 4. d4 cxd4 5. cxd4 d6 6. f4 Nc6 7. Nc3 dxe5 8. fxe5 Bf5 9. Nf3 e6 10. Bd3 Bxd3 11. Qxd3 Be7 12. 0-0 0-0 13. a3 Rc8 14. Ne4 h6 15. b4 f5 16. Nc5 Bxc5 17. dxc5 Qe7 18. Bb2 Rfd8 19. Qb3 a5 20. Bc3 Nxc3 21. Qxc3 Rd5 22. Rfe1 Rcd8 23. Qc4 g5 24. h3 h5 25. Ra2 g4 26. hxg4 hxg4 27. b5 Nd4 28. Nxd4 Rxd4 29. Qc1 Qh4 30. g3 Qxg3+ 31. Rg2 Qxe1+ 32. Qxe1 Rd1 33. Kf1 Rxe1+ 34. Kxe1 Rc8 35. Rc2 Kg7 36. Ke2 Kg6 37. c6 bxc6 38. Rxc6 Rb8 0-1

[Event "Poti op 14th"]
[Site "Poti"]
[Date "2019.07.19"]
[Round "8"]
[White "Gvetadze, Sofio"]
[Black "Azaryan, Tigran"]
[Result "1/2-1/2"]
[WhiteElo "2316"]
[BlackElo "2064"]
[PlyCount "85"]
[EventDate "2019.07.13"]
[EventType "swiss"]
[EventRounds "9"]
[EventCountry "GEO"]
[SourceTitle "EXT 2020"]
[Source "ChessBase"]
[SourceDate "2019.10.17"]
[SourceVersion "1"]
[SourceVersionDate "2019.10.17"]
[SourceQuality "1"]

1. e4 c5 2. Nf3 Nc6 3. Bb5 g6 4. 0-0 Bg7 5. Nc3 d6 6. Re1 Bd7 7. Bxc6 Bxc6 8. e5 dxe5 9. Nxe5 Qc7 10. Nxc6 Qxc6 11. Qe2 e6 12. d3 Nf6 13. Bf4 Nd5 14. Be5 f6 15. Bg3 Nxc3 16. bxc3 Kf7 17. Rab1 b6 18. h4 Rhe8 19. Qe4 Qxe4 20. dxe4 e5 21. Red1 Red8 22. Kf1 f5 23. f3 f4 24. Bf2 Bf6 25. Ke2 Rxd1 26. Rxd1 Rd8 27. Rb1 Ke6 28. c4 Kd6 29. a4 Kc6 30. Ra1 Be7 31. Rb1 Kb7 32. Ra1 Ka6 33. Rb1 Kb7 34. Ra1 Rg8 35. Rd1 Kc6 36. Rh1 h6 37. Ra1 Kb7 38. Rd1 Kc6 39. Ra1 Ra8 40. Rd1 Rd8 41. Ra1 Kb7 42. Rb1 Ka6 43. Ra1 1/2-1/2

[Event "Poti op 14th"]
[Site "Poti"]
[Date "2019.07.17"]
[Round "6"]
[White "Yeritsyan, Hayk"]
[Black "Azaryan, Tigran"]
[Result "1/2-1/2"]
[WhiteElo "2210"]
[BlackElo "2064"]
[PlyCount "83"]
[EventDate "2019.07.13"]
[EventType "swiss"]
[EventRounds "9"]
[EventCountry "GEO"]
[SourceTitle "EXT 2020"]
[Source "ChessBase"]
[SourceDate "2019.10.17"]
[SourceVersion "1"]
[SourceVersionDate "2019.10.17"]
[SourceQuality "1"]

1. d4 Nf6 2. c4 g6 3. Nc3 d5 4. cxd5 Nxd5 5. e4 Nxc3 6. bxc3 Bg7 7. Bc4 c5 8. Ne2 Nc6 9. Be3 0-0 10. Rc1 Qc7 11. h4 Na5 12. Bd3 e5 13. h5 Qe7 14. hxg6 hxg6 15. Qd2 b6 16. Bh6 f5 17. Bxg7 Qxg7 18. dxe5 Qxe5 19. Qg5 Qf6 20. Qg3 c4 21. Rh6 Kg7 22. e5 Qe6 23. Nf4 Kxh6 24. Nxe6 Bxe6 25. Be2 Rae8 26. f4 Kg7 27. Kf2 Nb7 28. Qh4 Nc5 29. Rh1 Ne4+ 30. Ke3 Rh8 31. Qe1 Rxh1 32. Qxh1 Nxc3 33. Qc1 Nd5+ 34. Kf2 Rc8 35. Bf3 c3 36. Bxd5 Bxd5 37. Qa3 c2 38. Qe7+ Kg8 39. e6 c1Q 40. Qf7+ Kh8 41. Qf6+ Kh7 42. Qe7+ 1/2-1/2

[Event "Poti op 14th"]
[Site "Poti"]
[Date "2019.07.15"]
[Round "3"]
[White "Urazayev, Arystanbek"]
[Black "Azaryan, Tigran"]
[Result "1-0"]
[WhiteElo "2436"]
[BlackElo "2064"]
[PlyCount "59"]
[EventDate "2019.07.13"]
[EventType "swiss"]
[EventRounds "9"]
[EventCountry "GEO"]
[SourceTitle "EXT 2020"]
[Source "ChessBase"]
[SourceDate "2019.10.17"]
[SourceVersion "1"]
[SourceVersionDate "2019.10.17"]
[SourceQuality "1"]

1. e4 c5 2. Nf3 Nc6 3. Bb5 g6 4. c3 Nf6 5. e5 Nd5 6. 0-0 Bg7 7. d4 cxd4 8. cxd4 d6 9. exd6 Qxd6 10. Nc3 Nxc3 11. bxc3 0-0 12. Re1 Be6 13. a4 a6 14. Bd3 h6 15. Ba3 Qd7 16. Nd2 Rfc8 17. Ne4 b6 18. Rb1 Qa7 19. h4 Na5 20. h5 g5 21. Nxg5 hxg5 22. h6 Qd7 23. hxg7 Kxg7 24. Qh5 Rh8 25. Qxg5+ Kf8 26. d5 Re8 27. Rxe6 fxe6 28. Qf6+ Kg8 29. Qg6+ Kf8 30. dxe6 1-0

[Event "Sochi ChessAmateur op"]
[Site "Sochi"]
[Date "2018.04.07"]
[Round "9"]
[White "Karlov, Egor"]
[Black "Azaryan, Tigran"]
[Result "0-1"]
[WhiteElo "1742"]
[BlackElo "2046"]
[PlyCount "66"]
[EventDate "2018.04.01"]
[EventType "swiss"]
[EventRounds "9"]
[EventCountry "RUS"]
[SourceTitle "CBM 184 Extra"]
[Source "ChessBase"]
[SourceDate "2018.06.28"]
[SourceVersion "1"]
[SourceVersionDate "2018.06.28"]
[SourceQuality "1"]

1. Nf3 Nf6 2. g3 c5 3. Bg2 Nc6 4. 0-0 d6 5. d4 cxd4 6. Nxd4 Bd7 7. c4 g6 8. Nc3 Bg7 9. b3 Nxd4 10. Qxd4 Bc6 11. Bb2 0-0 12. Bxc6 bxc6 13. e4 Qc8 14. Qd2 h5 15. Rae1 h4 16. f4 Qg4 17. Qg2 Nh5 18. Rf3 Bd4+ 19. Kf1 e5 20. Ba1 h3 21. Qh1 exf4 22. Ne2 Bxa1 23. Rxa1 Rae8 24. Nxf4 Rxe4 25. Nxh5 Qxh5 26. Re1 Rfe8 27. Rxe4 Rxe4 28. Kf2 Qe5 29. Qb1 Re2+ 30. Kf1 Rxh2 31. Kg1 Rg2+ 32. Kh1 Re2 33. Rf1 Qxg3 0-1

[Event "Sochi ChessAmateur op"]
[Site "Sochi"]
[Date "2018.04.04"]
[Round "5"]
[White "Toropov, Pavel"]
[Black "Azaryan, Tigran"]
[Result "1/2-1/2"]
[WhiteElo "2252"]
[BlackElo "2046"]
[PlyCount "74"]
[EventDate "2018.04.01"]
[EventType "swiss"]
[EventRounds "9"]
[EventCountry "RUS"]
[SourceTitle "CBM 184 Extra"]
[Source "ChessBase"]
[SourceDate "2018.06.28"]
[SourceVersion "1"]
[SourceVersionDate "2018.06.28"]
[SourceQuality "1"]

1. e4 c5 2. Nf3 d6 3. c4 e5 4. Nc3 Nc6 5. d3 g6 6. g3 Bg7 7. Bg2 Nge7 8. 0-0 0-0 9. a3 h6 10. Rb1 a5 11. Nd5 Nxd5 12. cxd5 Nd4 13. Nxd4 exd4 14. b4 cxb4 15. axb4 a4 16. b5 Bd7 17. f4 Ra5 18. b6 a3 19. Rf2 a2 20. Ra1 Qxb6 21. Rfxa2 Rxa2 22. Rxa2 Rc8 23. Bd2 Rc3 24. Bf1 Rb3 25. Qc2 Kh7 26. Be2 f5 27. exf5 Bxf5 28. g4 Rc3 29. Qb2 Qxb2 30. Rxb2 Bxd3 31. Bxc3 dxc3 32. Bxd3 cxb2 33. h4 Bd4+ 34. Kg2 Kg7 35. h5 gxh5 36. gxh5 Be3 37. Kf3 Bd2 1/2-1/2

[Event "Poti Aleksandria Cup"]
[Site "Poti"]
[Date "2011.07.11"]
[Round "1"]
[White "Kalashian, David"]
[Black "Azaryan, Tigran"]
[Result "1-0"]
[WhiteElo "2410"]
[BlackElo "1837"]
[PlyCount "53"]
[EventDate "2011.07.11"]
[EventType "swiss"]
[EventRounds "9"]
[EventCountry "GEO"]
[SourceTitle "CBM 143 Extra"]
[Source "ChessBase"]
[SourceDate "2011.08.29"]
[SourceVersion "1"]
[SourceVersionDate "2011.08.29"]
[SourceQuality "1"]

1. d4 Nf6 2. c4 g6 3. Nc3 d5 4. cxd5 Nxd5 5. Bd2 Nb6 6. Bf4 Bg7 7. e3 0-0 8. Nf3 Nc6 9. Bb5 Nb4 10. 0-0 c6 11. Be2 N4d5 12. Be5 Nxc3 13. bxc3 Bf5 14. Bxg7 Kxg7 15. c4 Qc7 16. a4 Rfd8 17. a5 Nd7 18. Nh4 Be6 19. f4 f6 20. Bd3 Nc5 21. dxc5 Bxc4 22. Ra3 Qd7 23. Qf3 Bxd3 24. Rd1 Bb5 25. Rxd7 Rxd7 26. Qg4 Rad8 27. Nf5+ 1-0